| 000 | 00977nam a2200301 a 4500 | ||
|---|---|---|---|
| 001 | 77250 | ||
| 003 | BD-RjUL | ||
| 005 | 20211209082941.0 | ||
| 008 | 200308s2003 inua 001 0 eng d | ||
| 020 | _a1592571158 (pbk.) | ||
| 035 | _a(BD-RjUL)77475 | ||
| 040 |
_aDLC _cDLC _dDLC _dBD-RjUL _beng |
||
| 041 | _aeng | ||
| 082 | 0 | 0 |
_a808.042 _222 _bROG 2003 |
| 100 | 1 |
_aRozakis, Laurie. _9240492 |
|
| 245 | 1 | 4 |
_aThe complete idiot's guide to grammar and style / _cby Laurie E. Rozakis. |
| 246 | 3 | 0 | _aGrammar and style |
| 250 | _a2nd ed. | ||
| 260 |
_aIndianapolis, Ind. : _bAlpha, _cc2003. |
||
| 300 |
_axxiv, 404 p. : _bill. ; _c24 cm. |
||
| 500 | _aIncludes index. | ||
| 650 | 0 |
_aEnglish language _xRhetoric _vHandbooks, manuals, etc. _9240493 |
|
| 650 | 0 |
_aEnglish language _xGrammar _vHandbooks, manuals, etc. _9240494 |
|
| 650 | 0 |
_aEnglish language _xUsage _vHandbooks, manuals, etc. _9240495 |
|
| 942 |
_2ddc _cBK |
||
| 999 |
_c77250 _d77250 |
||